000 00255nam a2200097Ia 4500
001 647315
005 20250826153700.0
008 250824s9999 xx 000 0 und d
245 0 _aDOĞANIN BİR YILI KASIM
_cRUTH SYMONS
260 _bTÜBİTAK POPÜLER BİLİM
999 _c647315
_d647315